000 00339pam a2200133 a 4500
020 _c
041 _h
082 _a658.4032
_bHEI
100 _aHEIN L.W.,
245 _aQUANTITATIVE APPROACH TO MANAGERIAL DECISIONS
_hTextual Documents
260 _aNEW DELHI
_bPRENTICE-HALL OF INDIA PVT. LTD
_c1967
300 _aXXV+386
930 _a4254
999 _c123727
_d123727